COMPLETE DENTURE PROSTHODONTICS (Record no. 4501)
[ view plain ]
| 000 -LEADER | |
|---|---|
| fixed length control field | 00357nam a2200145Ia 4500 |
| 008 - FIXED-LENGTH DATA ELEMENTS--GENERAL INFORMATION | |
| fixed length control field | 150201s2009 xx 000 0 und d |
| 082 ## - DEWEY DECIMAL CLASSIFICATION NUMBER | |
| Classification number | 617.692 |
| Item number | C2009M |
| 100 ## - MAIN ENTRY--PERSONAL NAME | |
| Personal name | MANAPPALLIL |
| 245 ## - TITLE STATEMENT | |
| Title | COMPLETE DENTURE PROSTHODONTICS |
| 250 ## - EDITION STATEMENT | |
| Edition statement | 2ND |
| 260 ## - PUBLICATION, DISTRIBUTION, ETC. (IMPRINT) | |
| Name of publisher, distributor, etc. | ARYA PUBLICATION |
| Place of publication, distribution, etc. | DELHI |
| Date of publication, distribution, etc. | 2009 |
| 300 ## - PHYSICAL DESCRIPTION | |
| Extent | 1-391 |
| 650 ## - SUBJECT ADDED ENTRY--TOPICAL TERM | |
| Topical term or geographic name as entry element | PROSTHODONTICS |
| 942 ## - ADDED ENTRY ELEMENTS (KOHA) | |
| Source of classification or shelving scheme | Dewey Decimal Classification |
| Koha item type | Books |
| Withdrawn status | Lost status | Source of classification or shelving scheme | Damaged status | Not for loan | Home library | Current library | Date acquired | Source of acquisition | Cost, normal purchase price | Serial Enumeration / chronology | SGTU | Bill Number | Total Checkouts | Full call number | Barcode | Date last seen | Bill Date | Koha item type | Date last checked out |
|---|---|---|---|---|---|---|---|---|---|---|---|---|---|---|---|---|---|---|---|
| Dewey Decimal Classification | SGT Dental Library | SGT Dental Library | 29/10/2010 | U.B.S.DELHI | 450.00 | 1 | SGTU | 620 | 617.692 C2009M | FD6101 | 09/02/2015 | 29/03/2013 | Books | ||||||
| Dewey Decimal Classification | SGT Dental Library | SGT Dental Library | 29/10/2010 | U.B.S.DELHI | 450.00 | 1 | SGTU | 620 | 617.692 C2009M | FD6102 | 09/02/2015 | 29/03/2013 | Books | ||||||
| Dewey Decimal Classification | SGT Dental Library | SGT Dental Library | 29/10/2010 | U.B.S.DELHI | 450.00 | 1 | SGTU | 620 | 1 | 617.692 C2009M | FD6103 | 16/03/2020 | 29/03/2013 | Books | 12/03/2020 |